Stations de métro et RER du 14ème arrondissement par fréquentation - Statistiques

Statistiques générales
  • Ce quiz a été pris 141 fois
  • Le résultat moyen est 13 sur 16
Statistiques - réponses
Réponse Trafic annuel Particularités % Correct
Denfert-Rochereau RER 4 898 356
94%
Denfert-Rochereau Métro 3 911 586
93%
Montparnasse-Bienvenüe 29 857 740 15ème arrondissement, empiète sur le 14ème
92%
Raspail 1 887 146
90%
Alésia 4 764 374
89%
Porte d'Orléans 6 259 225
87%
Mouton-Duvernet 1 583 761
85%
Vavin 2 021 987
82%
Gaîté 2 713 799
74%
Cité Universitaire 7 531 642
73%
Plaisance 4 784 211
73%
Pernety 3 050 541
71%
Edgar Quinet 2 142 333
70%
Porte de Vanves 4 660 158
70%
Port-Royal 3 479 339 5ème arrondissement, dessert surtout le 14ème
70%
Saint-Jacques 1 954 772 comptabilisé par erreur dans le 13ème par la RATP
70%
Aucun quiz correspondant
Distribution des résultats
% des personnes avec chaque résultat
Percentile par nombre de réponses
Votre historique - résultats
Vous n’avez pas pris ce quiz